[Event "Frankfurt Ch 2011"]
[Site "Ffm-Kalbach, LAZ"]
[Date "2011.05.02"]
[Round "1.54"]
[White "Lewien, Frank"]
[Black "Hierling, Stefan"]
[Result "0-1"]
[WhiteElo "1499"]
[BlackElo "2054"]
[PlyCount "97"]
[EventDate "2011.??.??"]
[WhiteTeam "SV Lahn Limburg"]
[BlackTeam "VSG 1880 Offenbach"]

1. d4 d5 2. Nf3 g6 3. Bf4 Bg7 4. e3 Nf6 5. Be2 Nc6 6. O-O Nh5 7. Bg5 O-O 8.
Nbd2 Nf6 9. Rc1 Bf5 10. Nh4 Be6 11. Nhf3 Rc8 12. c3 Nd7 13. Bf4 Nb6 14. b3 f6
15. h3 Bf7 16. e4 dxe4 17. Nxe4 Nd5 18. Bh2 e6 19. Re1 Re8 20. Nc5 Rb8 21. Bb5
Bf8 22. Nxb7 Qd7 23. Nc5 Bxc5 24. Bxc6 Qxc6 25. dxc5 Qxc5 26. Qd2 Kg7 27. Re4
Rbd8 28. Qb2 Rd7 29. Rc4 Qb6 30. Re1 Red8 31. Qc1 Ne7 32. Bf4 Nf5 33. g4 Nd6
34. Be3 Qb7 35. Bh6+ Kg8 36. Rf4 Ne8 37. Nh2 Rd3 38. f3 Qb6+ 39. Kh1 e5 40.
Rfe4 Qa5 41. Ra4 Qxc3 42. Qxc3 Rxc3 43. Rxa7 Bd5 44. Re3 Rc1+ 45. Kg2 Ra1 46.
Rc3 Kf7 47. Be3 Ra8 48. Rxa8 Bxa8 49. Rd3 0-1

[Event "Frankfurt Ch 2011"]
[Site "Ffm-Kalbach, LAZ"]
[Date "2011.05.02"]
[Round "1.55"]
[White "Calvi, Stefan"]
[Black "Muthig, Holger"]
[Result "1-0"]
[WhiteElo "1993"]
[BlackElo "1496"]
[PlyCount "43"]
[EventDate "2011.??.??"]
[WhiteTeam "Sfr. Frankfurt 1921"]
[BlackTeam "vereinslos"]

1. e4 c6 2. Nf3 d5 3. exd5 cxd5 4. Ne5 a6 5. d4 Nf6 6. Bd3 Nbd7 7. O-O e6 8.
Nd2 Be7 9. Ndf3 O-O 10. Re1 Nxe5 11. Nxe5 Re8 12. c3 Bf8 13. Bc2 b5 14. Qd3 g6
15. Bg5 Bg7 16. Qf3 h6 17. Bh4 g5 18. Bg3 Nd7 19. Qxf7+ Kh8 20. Ng6+ Kh7 21.
Nf8+ Kh8 22. Nxe6 1-0

[Event "Frankfurt Ch 2011"]
[Site "Ffm-Kalbach, LAZ"]
[Date "2011.05.02"]
[Round "1.56"]
[White "Kirschner, Matthias"]
[Black "Pauly, Markus"]
[Result "0-1"]
[WhiteElo "1703"]
[BlackElo "1924"]
[PlyCount "76"]
[EventDate "2011.??.??"]
[WhiteTeam "SV 1997 Nauheim"]
[BlackTeam "Sfr.Erbach"]

1. c4 Nf6 2. Nc3 g6 3. g3 Bg7 4. Bg2 O-O 5. d3 d6 6. Nf3 c6 7. O-O Nbd7 8. Rb1
Rb8 9. Qc2 a6 10. a3 e5 11. Nd2 Qc7 12. b4 b5 13. Qa2 bxc4 14. Nxc4 d5 15. Na5
Nb6 16. d4 Nh5 17. dxe5 Bxe5 18. Bd2 Be6 19. Qc2 Rbc8 20. Rbc1 c5 21. Nd1 c4
22. Bc3 d4 23. Ba1 d3 24. exd3 Bxa1 25. Rxa1 Qe5 26. Qc3 Qxc3 27. Nxc3 cxd3 28.
Nd1 d2 29. Ne3 Rc3 30. Bb7 Bc8 31. Bf3 Nf6 32. Kg2 Kg7 33. Ra2 Rd8 34. Rd1 Rcd3
35. Nf1 Rxf3 36. Nc6 Re8 37. Rdxd2 Rc3 38. Ne3 Bb7 0-1

[Event "Frankfurt Ch 2011"]
[Site "Ffm-Kalbach, LAZ"]
[Date "2011.05.02"]
[Round "1.57"]
[White "Kulenovic, Adnan"]
[Black "Fischer, Lutz"]
[Result "1-0"]
[WhiteElo "1799"]
[BlackElo "1492"]
[PlyCount "63"]
[EventDate "2011.??.??"]
[WhiteTeam "SK Springer Rodenbach"]
[BlackTeam "Sfr. Frankfurt 1921"]

1. d4 d5 2. e4 e6 3. Nd2 c5 4. exd5 exd5 5. Ngf3 Nc6 6. Bb5 Nf6 7. O-O a6 8.
Bxc6+ bxc6 9. Re1+ Be7 10. dxc5 O-O 11. Nb3 Ne4 12. Be3 Bg4 13. h3 Bh5 14. g4
Bg6 15. Ne5 Qc7 16. Nd3 f5 17. Bf4 Qc8 18. f3 fxg4 19. hxg4 Bxc5+ 20. Nbxc5
Nxc5 21. Bd6 Nxd3 22. cxd3 Re8 23. Qd2 Qd7 24. Ba3 d4 25. Rac1 Qd5 26. Kf2 Rac8
27. Rc5 Qxa2 28. Rxe8+ Rxe8 29. Rxc6 Re3 30. Rc8+ Kf7 31. Rf8+ Ke6 32. Qb4 1-0

[Event "Frankfurt Ch 2011"]
[Site "Ffm-Kalbach, LAZ"]
[Date "2011.05.02"]
[Round "1.58"]
[White "Willenbring, Jens-Dirk"]
[Black "Biegel, Thomas"]
[Result "1/2-1/2"]
[WhiteElo "1489"]
[BlackElo "2028"]
[PlyCount "60"]
[EventDate "2011.??.??"]
[WhiteTeam "Bad Vilbeler Sfr.1985"]
[BlackTeam "SC Steinbach"]

1. e4 c6 2. Nf3 g6 3. Bc4 d5 4. exd5 cxd5 5. Bb5+ Nd7 6. Ne5 Bg7 7. Nxd7 Bxd7
8. Bxd7+ Qxd7 9. O-O Nf6 10. d4 O-O 11. c3 Rfe8 12. Bf4 Nh5 13. Be3 Rac8 14.
Nd2 f5 15. Nf3 b5 16. a3 Rb8 17. Qd2 Rb7 18. Rfe1 Qd6 19. Ne5 a6 20. Nd3 e6 21.
Bf4 Nxf4 22. Qxf4 Qxf4 23. Nxf4 Kf7 24. Re2 g5 25. Nd3 Bf8 26. Rae1 Bd6 27.
Ne5+ Bxe5 28. Rxe5 Rb6 29. g4 fxg4 30. Rxg5 Rg8 1/2-1/2

[Event "Frankfurt Ch 2011"]
[Site "Ffm-Kalbach, LAZ"]
[Date "2011.05.02"]
[Round "1.59"]
[White "Thomele, Michael"]
[Black "Crnjac, Zdravco"]
[Result "1/2-1/2"]
[WhiteElo "1905"]
[BlackElo "1482"]
[PlyCount "108"]
[EventDate "2011.??.??"]
[WhiteTeam "SC 1959 Obernau"]
[BlackTeam "TSG Nieder-Erlenbach 1888"]

1. e4 b6 2. d4 e6 3. Be3 d6 4. Nc3 a6 5. Be2 Nd7 6. Qd2 g6 7. h4 h6 8. h5 g5 9.
f4 Be7 10. O-O-O Bb7 11. Nh3 gxf4 12. Nxf4 Bg5 13. Kb1 b5 14. Bf3 Rb8 15. Nh3
Bxe3 16. Qxe3 Nb6 17. Rhf1 b4 18. Ne2 a5 19. Qf4 Qe7 20. Ng3 Bc8 21. Be2 Bd7
22. Bd3 c6 23. Rde1 a4 24. Nf5 e5 25. Qg3 Bxf5 26. exf5 Kd7 27. dxe5 Qf8 28.
e6+ Kc7 29. f6 Nd5 30. e7 Qe8 31. Qg7 Ngxf6 32. Rxf6 Nxf6 33. Qxf6 Qg8 34. Be4
Qg3 35. Rd1 Rhe8 36. Nf4 d5 37. Qe5+ Kb7 38. Bf3 Qg5 39. Qd6 b3 40. cxb3 axb3
41. Nd3 Qf5 42. Ka1 Kb6 43. Nc5 Ra8 44. a3 Qc2 45. Nd7+ Kb7 46. Qb4+ Kc7 47.
Nf6 Reb8 48. e8=Q Rxb4 49. Qe7+ Kc8 50. Qxb4 Kc7 51. Ng4 c5 52. Qf4+ Kb6 53.
Qd6+ Kb5 54. Qd7+ Kb6 1/2-1/2

[Event "Frankfurt Ch 2011"]
[Site "Ffm-Kalbach, LAZ"]
[Date "2011.05.02"]
[Round "1.60"]
[White "Reitz, Thomas"]
[Black "Rutsatz, Mario"]
[Result "0-1"]
[WhiteElo "1482"]
[BlackElo "1900"]
[PlyCount "78"]
[EventDate "2011.??.??"]
[WhiteTeam "BSSK Frankfurt 1956"]
[BlackTeam "vereinslos"]

1. e4 c5 2. Nf3 a6 3. d4 cxd4 4. c3 dxc3 5. Nxc3 Nc6 6. a4 d6 7. Bc4 e6 8. O-O
Nf6 9. Qe2 Qc7 10. Rd1 Be7 11. h3 Bd7 12. Bf4 Rc8 13. Ba2 Ne5 14. Nd2 O-O 15.
Be3 Rfd8 16. f4 Nc6 17. Nc4 Qb8 18. Bb6 Rf8 19. Qf2 Nb4 20. Bb3 d5 21. Ne5 Bc6
22. Nxc6 bxc6 23. e5 Nd7 24. Be3 c5 25. Na2 c4 26. Nxb4 Qxb4 27. Bc2 Bc5 28.
Ra3 f5 29. Rb1 Bxe3 30. Rxe3 d4 31. Rg3 d3 32. Bd1 Nc5 33. Bh5 Ne4 34. Rxg7+
Kxg7 35. Qa7+ Kh8 36. Qxa6 Qc5+ 37. Kh2 Qf2 38. Qxe6 Qxf4+ 39. Kg1 Rg8 0-1

[Event "Frankfurt Ch 2011"]
[Site "Ffm-Kalbach, LAZ"]
[Date "2011.05.02"]
[Round "1.61"]
[White "Stock, Jürgen"]
[Black "Lehmann, Gerit"]
[Result "1-0"]
[WhiteElo "1948"]
[BlackElo "1471"]
[PlyCount "79"]
[EventDate "2011.??.??"]
[WhiteTeam "SC Eschborn 1974"]
[BlackTeam "Sfr. Frankfurt 1921"]

1. d4 d5 2. e3 Bf5 3. Nf3 e6 4. Be2 Nf6 5. O-O h6 6. b3 Be7 7. Bb2 O-O 8. Ne5
Nbd7 9. f4 Ne4 10. c4 c6 11. g4 Bh7 12. Nc3 f6 13. Nf3 f5 14. Nxe4 dxe4 15. Ne1
Bf6 16. Nc2 c5 17. Qe1 cxd4 18. exd4 g5 19. Qg3 Rf7 20. Kh1 gxf4 21. Rxf4 Bg5
22. gxf5 Kf8 23. Ba3+ Ke8 24. Bh5 Bxf4 25. fxe6 Qg5 26. Bxf7+ Kd8 27. e7+ Kc7
28. Qxg5 Bxg5 29. e8=Q Rxe8 30. Bxe8 e3 31. Bxd7 Kxd7 32. Ne1 Be4+ 33. Ng2 Bf3
34. Rf1 Bh5 35. Bb4 e2 36. Rf5 Ke6 37. Re5+ Kf7 38. h4 e1=Q+ 39. Bxe1 Bxh4 40.
Bxh4 1-0

[Event "Frankfurt Ch 2011"]
[Site "Ffm-Kalbach, LAZ"]
[Date "2011.05.02"]
[Round "1.62"]
[White "Puzzo, Peter"]
[Black "Ochmann, Reimund"]
[Result "1/2-1/2"]
[WhiteElo "1463"]
[BlackElo "2097"]
[PlyCount "103"]
[EventDate "2011.??.??"]
[WhiteTeam "Sfr. Frankfurt 1921"]
[BlackTeam "SK Langen"]

1. d4 d5 2. c4 e6 3. Nc3 Nf6 4. e3 Nbd7 5. Nf3 c6 6. Bd3 Bd6 7. Bd2 O-O 8. O-O
e5 9. dxe5 Nxe5 10. Nxe5 Bxe5 11. f4 Bc7 12. Qc2 Re8 13. Rf3 h6 14. c5 d4 15.
Ne4 dxe3 16. Nxf6+ Qxf6 17. Bc3 Qe7 18. Bh7+ Kf8 19. Bxg7+ Kxg7 20. Rg3+ Kh8
21. Qc3+ f6 22. Bg6 Rf8 23. Rxe3 Qg7 24. f5 b6 25. Rae1 Be5 26. Qc4 Bd7 27. Rh3
Be8 28. Qc1 Bxg6 29. fxg6 Rfe8 30. Rxh6+ Kg8 31. Qc4+ Kf8 32. Rh8+ Ke7 33. Rh7
Qxh7 34. gxh7 Rh8 35. Qe4 bxc5 36. Qxc6 Rad8 37. Qxc5+ Kf7 38. Qxa7+ Kg6 39.
Qa3 Rxh7 40. h3 Rhd7 41. b4 Rd2 42. Qa6 R8d5 43. b5 Rb2 44. Rxe5 Rxe5 45. a4
Ree2 46. Qc6 Rec2 47. Qf3 Ra2 48. Qg4+ Kf7 49. b6 Rcb2 50. b7 Ra1+ 51. Kh2 Rab1
52. Qd7+ 1/2-1/2

[Event "Frankfurt Ch 2011"]
[Site "Ffm-Kalbach, LAZ"]
[Date "2011.05.02"]
[Round "1.63"]
[White "Geringer, Waldemar"]
[Black "Weber, Axel"]
[Result "1-0"]
[WhiteElo "1956"]
[BlackElo "1452"]
[PlyCount "97"]
[EventDate "2011.??.??"]
[WhiteTeam "SG Rödermark/Eppertshausen"]
[BlackTeam "Sfr. Frankfurt 1921"]

1. d4 d5 2. Nf3 Nc6 3. c4 Nf6 4. g3 Bg4 5. Bg2 Qd7 6. Ne5 Nxe5 7. dxe5 Ng8 8.
Qxd5 Rd8 9. Qxd7+ Bxd7 10. Bxb7 e6 11. Bg2 Bb4+ 12. Bd2 Rb8 13. Bxb4 Rxb4 14.
b3 Ne7 15. Nc3 Bc6 16. O-O Bxg2 17. Kxg2 a6 18. Rad1 Nc6 19. f4 Ke7 20. Rd2
Rbb8 21. Rfd1 Rbd8 22. Kf3 Rxd2 23. Rxd2 Rd8 24. Rxd8 Kxd8 25. Ke3 Kc8 26. g4
Kb7 27. Ke4 Kb6 28. Kd3 Nb4+ 29. Kd2 a5 30. a3 Na6 31. Ne4 Kc6 32. Kc3 h6 33.
b4 axb4+ 34. axb4 Kb6 35. b5 Nb8 36. Kb4 Nd7 37. c5+ Ka7 38. Ka5 Nf8 39. b6+
Kb7 40. bxc7 Kxc7 41. Kb5 Ng6 42. e3 Nh4 43. Nd6 Ng2 44. Nxf7 Nxe3 45. h3 Nd5
46. f5 Nf4 47. f6 gxf6 48. exf6 Ng6 49. Nxh6 1-0

[Event "Frankfurt Ch 2011"]
[Site "Ffm-Kalbach, LAZ"]
[Date "2011.05.02"]
[Round "1.64"]
[White "Hartmann, Stephan"]
[Black "Machowitsch, Wolf"]
[Result "0-1"]
[WhiteElo "1441"]
[BlackElo "2006"]
[PlyCount "91"]
[EventDate "2011.??.??"]
[WhiteTeam "SG Turm Idstein"]
[BlackTeam "SC 1961 König Nied"]

1. e4 e6 2. d4 d5 3. exd5 exd5 4. c4 dxc4 5. Bxc4 Nf6 6. Nf3 Bd6 7. O-O O-O 8.
h3 c6 9. Bg5 Nbd7 10. Re1 Qa5 11. Nc3 h6 12. Bd2 Qc7 13. Qc2 Nb6 14. Bb3 Bd7
15. Bxh6 Nbd5 16. Nxd5 cxd5 17. Qxc7 Bxc7 18. Bg5 Be6 19. Bxf6 gxf6 20. Rac1
Bb6 21. Re2 a5 22. a3 a4 23. Ba2 Ra5 24. Re3 Bf5 25. b4 axb3 26. Rxb3 Ba7 27.
Rxb7 Be4 28. Rcc7 Bb8 29. Rc3 Bd6 30. Nd2 Bg6 31. Nb1 Re8 32. Re3 Rc8 33. Re1
Rc2 34. Rd7 Rc6 35. Rb7 Bf4 36. g3 Bd6 37. Rb2 Kg7 38. Kg2 Be4+ 39. Kg1 Bc7 40.
Nd2 Bf5 41. Bb1 Bxh3 42. Kh2 Be6 43. Ra2 Ra4 44. Nb3 Bb6 45. Rd1 Rc3 46. Rdd2
0-1

[Event "Frankfurt Ch 2011"]
[Site "Ffm-Kalbach, LAZ"]
[Date "2011.05.02"]
[Round "1.65"]
[White "Lebermann, Hellmuth"]
[Black "Honert, Stefan"]
[Result "1-0"]
[WhiteElo "2016"]
[BlackElo "1398"]
[PlyCount "39"]
[EventDate "2011.??.??"]
[WhiteTeam "SK Bad Homburg 1927"]
[BlackTeam "Sfr. Frankfurt 1921"]

1. e4 d5 2. exd5 Nf6 3. d4 Bg4 4. Nf3 Qxd5 5. Be2 e6 6. O-O Nbd7 7. c4 Qc6 8.
Qb3 Qb6 9. Qe3 c6 10. Nc3 O-O-O 11. Ng5 e5 12. Bxg4 Nxg4 13. Qh3 exd4 14. Na4
Qa5 15. Qxg4 Qxa4 16. Nxf7 Qxc4 17. Nxh8 Qg8 18. Bg5 Re8 19. Qxd4 Bc5 20. Qg4
1-0

[Event "Frankfurt Ch 2011"]
[Site "Ffm-Kalbach, LAZ"]
[Date "2011.05.02"]
[Round "1.66"]
[White "Stulken, Dietmar"]
[Black "Goldt, Rainer"]
[Result "1/2-1/2"]
[WhiteElo "1384"]
[BlackElo "1993"]
[PlyCount "81"]
[EventDate "2011.??.??"]
[WhiteTeam "Sfr. Frankfurt 1921"]
[BlackTeam "Kreuznacher SV 1921 e.V."]

1. e4 c6 2. d4 d5 3. exd5 cxd5 4. Nf3 Nf6 5. Bd3 Bg4 6. O-O e6 7. h3 Bh5 8. Bf4
Nc6 9. c3 Bd6 10. Bxd6 Qxd6 11. Re1 O-O 12. Nbd2 Rfe8 13. Qc2 Rac8 14. Ne5 Nxd4
15. Qa4 Nc6 16. Nxc6 bxc6 17. Qxa7 c5 18. Qa4 c4 19. Be2 Bxe2 20. Rxe2 Rb8 21.
Qc2 Qa6 22. Nf3 Ne4 23. Nd2 Nc5 24. Nf3 Nd3 25. Qb1 e5 26. b3 e4 27. Nd4 Qg6
28. Re3 Re5 29. b4 Rg5 30. Qf1 Nf4 31. g4 f5 32. f3 Rh5 33. fxe4 Nxh3+ 34. Rxh3
Qxg4+ 35. Kh2 Rxh3+ 36. Qxh3 Qf4+ 37. Qg3 Qd2+ 38. Qg2 Qf4+ 39. Qg3 Qd2+ 40.
Qg2 Qh6+ 41. Qh3 1/2-1/2

[Event "Frankfurt Ch 2011"]
[Site "Ffm-Kalbach, LAZ"]
[Date "2011.05.02"]
[Round "1.67"]
[White "Dürmeier, Roland"]
[Black "Mook, Karl-Jürgen"]
[Result "1/2-1/2"]
[WhiteElo "1867"]
[BlackElo "1611"]
[PlyCount "77"]
[EventDate "2011.??.??"]
[WhiteTeam "SG Wächtersbach/Sotzbach"]
[BlackTeam "Sfr. Frankfurt 1921"]

1. c4 c6 2. e4 d5 3. exd5 cxd5 4. d4 e6 5. Nc3 Nf6 6. Nf3 Bb4 7. cxd5 Nxd5 8.
Bd2 Qa5 9. Qb3 Bxc3 10. bxc3 Qb6 11. Qa3 Nc6 12. Bd3 Qc7 13. c4 Qe7 14. Qb2 Nf6
15. O-O O-O 16. Bg5 h6 17. Bh4 Qb4 18. Qc1 Nd7 19. Qe3 Re8 20. Bg3 Ne7 21. Rfe1
Nf6 22. Ne5 Nf5 23. Bxf5 exf5 24. Qb3 Qd2 25. Rad1 Qg5 26. Nf3 Rxe1+ 27. Rxe1
Qh5 28. Nd2 b6 29. f3 Bd7 30. d5 Qg5 31. Qd3 Qg6 32. Qb1 Re8 33. Rxe8+ Nxe8 34.
Bb8 a5 35. Ba7 Qf6 36. Qxb6 Qa1+ 37. Qb1 Qc3 38. Qd1 Nd6 39. h3 1/2-1/2

[Event "Frankfurt Ch 2011"]
[Site "Ffm-Kalbach, LAZ"]
[Date "2011.05.02"]
[Round "1.68"]
[White "Zerhusen, Martin"]
[Black "Fußnecker, Manfred"]
[Result "1/2-1/2"]
[WhiteElo "1650"]
[BlackElo "1999"]
[PlyCount "105"]
[EventDate "2011.??.??"]
[WhiteTeam "SV Oberursel"]
[BlackTeam "SC Matt im Park Ffm"]

1. d4 f5 2. g3 Nf6 3. c4 d6 4. Nf3 g6 5. Bg2 Bg7 6. Nc3 O-O 7. O-O Qe8 8. e3
Na6 9. b3 Bd7 10. Bb2 Rd8 11. a3 e5 12. dxe5 dxe5 13. Qc2 Nc5 14. Rad1 e4 15.
Ne1 Be6 16. Rxd8 Qxd8 17. Nb5 a6 18. Nd4 Bf7 19. b4 Ne6 20. Nxe6 Bxe6 21. Bd4
Ng4 22. Bxg7 Kxg7 23. Qc3+ Qf6 24. Qc1 Ne5 25. Nc2 Bxc4 26. Rd1 Be2 27. Rd2
Nf3+ 28. Bxf3 Bxf3 29. Nd4 Rf7 30. Qc4 Re7 31. Qd5 f4 32. gxf4 Qh4 33. Qg5 Qg4+
34. Qxg4 Bxg4 35. Rc2 Kf6 36. Kg2 g5 37. Kg3 Bd1 38. Rc5 gxf4+ 39. Kxf4 h6 40.
Nf5 Re8 41. Nxh6 Rh8 42. Ng4+ Bxg4 43. Kxg4 Rxh2 44. Rxc7 Rxf2 45. Rxb7 Ke5 46.
Rc7 Rg2+ 47. Kh3 Re2 48. Rc5+ Kd6 49. Rc3 Re1 50. Kg3 Rf1 51. Kg4 Rf2 52. Kg3
Rf1 53. Kg4 1/2-1/2

[Event "Frankfurt Ch 2011"]
[Site "Ffm-Kalbach, LAZ"]
[Date "2011.05.02"]
[Round "1.69"]
[White "Schmitt, Roland"]
[Black "Gläser, Michael"]
[Result "1-0"]
[WhiteElo "1893"]
[BlackElo "1151"]
[PlyCount "47"]
[EventDate "2011.??.??"]
[WhiteTeam "SK Großsachsen"]
[BlackTeam "TSG Nieder-Erlenbach 1888"]

1. e4 e5 2. f4 d6 3. Nf3 Nc6 4. Nc3 Nf6 5. Bb5 Bg4 6. h3 Bxf3 7. Qxf3 a6 8.
Bxc6+ bxc6 9. fxe5 dxe5 10. d3 Bb4 11. Bd2 a5 12. O-O a4 13. a3 Bc5+ 14. Kh2
Qd6 15. Bg5 Ke7 16. Ne2 h6 17. Ng3 Qe6 18. Nf5+ Ke8 19. Nxg7+ Kd7 20. Nxe6 fxe6
21. Bxf6 Rhf8 22. Qh5 Be3 23. Bxe5 Bf2 24. Qe2 1-0

[Event "Frankfurt Ch 2011"]
[Site "Ffm-Kalbach, LAZ"]
[Date "2011.05.02"]
[Round "1.70"]
[White "Urbach, Jens"]
[Black "Faqiry, Ramat"]
[Result "0-1"]
[WhiteElo "1127"]
[BlackElo "1977"]
[PlyCount "56"]
[EventDate "2011.??.??"]
[WhiteTeam "Sfr. Frankfurt 1921"]
[BlackTeam "SV Oberursel"]

1. Nf3 d5 2. d4 Nf6 3. g3 Bf5 4. Nh4 Be4 5. f3 Bg6 6. Bg2 e6 7. Nxg6 hxg6 8.
O-O c5 9. c4 dxc4 10. Qa4+ Nc6 11. Qxc4 Qxd4+ 12. Qxd4 Nxd4 13. Nc3 Nd5 14.
Nxd5 exd5 15. Kf2 Rxh2 16. Bf4 O-O-O 17. g4 Rh8 18. e3 Ne6 19. Bg3 Bd6 20. f4
d4 21. Rad1 dxe3+ 22. Kxe3 Rhe8 23. Be4 Nd4 24. Rd2 f5 25. Bh4 Rxe4+ 26. Kd3
Rde8 27. gxf5 b5 28. fxg6 Re3# 0-1